000 00881cam a2200253 4500
001 ABS63471
008 000000n2001 000 0 eng u
035 _a(Sirsi) u110742
100 _aBlake, L.
245 4 _aThe tricks of the trade
260 _c2001
490 _aEstates Gazette
_v(0104) 27 January 2001, 136-137(2)
520 _aA 'mainly for students' article discussing the genesis of the role of the expert witness in court and how an expert witness can be discredited in court by a trick question. Guidance on the duties of, and risks facing, an expert witness is also given.
590 _aABS
650 _aCROSS EXAMINATION
650 _aDUTIES
650 _aEVIDENCE
650 _aEXPERT REPORTS
650 _aEXPERT WITNESSES
650 _aEXPERTS
650 _aRISK
690 _aMANAGEMENT-BUSINESS MANAGEMENT-PROFESSIONAL PRACTICE
942 _n0
999 _c66005
_d66005